MARC details
| 000 -LÍDER |
| campo de controle de tamanho fixo |
01261naa a22002897a 4500 |
| 001 - NÚMERO DE CONTROLE |
| campo de controle |
BR7803396 |
| 003 - IDENTIFICADOR DO NÚMERO DE CONTROLE |
| campo de controle |
BR-BrBNA |
| 005 - DATA E HORÁRIO DA ÚLTIMA TRANSAÇÃO |
| campo de controle |
20240918174111.0 |
| 007 - CAMPO FIXO DE DESCRIÇÃO FÍSICA--INFORMAÇÃO GERAL |
| campo de controle de tamanho fixo |
ta |
| 008 - CAMPO DE DADOS FIXOS--INFORMAÇÃO GERAL |
| campo de controle de tamanho fixo |
230509b bl.||||| |||| 00| 0 por d |
| 040 ## - FONTE DA CATALOGAÇÃO |
| Instituição da catalogação original |
BR-BrBNA |
| Idioma da catalogação |
por |
| Instituição que transcreveu o registro |
Biblioteca Nacional de Agricultura |
| 041 ## - CÓDIGO DE IDIOMA |
| Código do idioma do texto/trilha sonora ou título diferente |
(Pt) |
| 072 ## - CÓDIGO DE CATEGORIA DE ASSUNTO |
| Código de Categoria de Assunto |
E15; E30 |
| Código do objeto |
2110 |
| -- |
G514 |
| 090 ## - NÚMERO DE CHAMADA LOCAL |
| Número de chamada |
E15 BR7803396 |
| 110 1# - ENTRADA PRINCIPAL--NOME CORPORATIVO |
| Nome corporativo ou nome da jurisdição |
Conselho Consultivo dos Produtores de Cacau, Itabuna, BA (Brasil) |
| 9 (RLIN) |
2584 |
| 111 1# - ENTRADA PRINCIPAL--NOME DO EVENTO |
| Nome do evento ou lugar |
2. Encontro Nacional da Agropecuaria |
| Local do evento |
Brasilia, DF (Brazil) |
| Data do evento ou assinatura do tratado |
16 Oct 1978 |
| 245 1# - TÍTULO |
| Título |
Cacau: a atualidade agro-industrial do cacau e sua importancia na economia brasileira [Theobroma cacao] |
| 260 3# - PUBLICAÇÃO, DISTRIBUIÇÃO, ETC. |
| Local de publicação, distribuição, etc. |
Salvador, BA (Brasil): |
| Data da publicação, distribuição, etc. |
1978. |
| 500 ## - NOTA GERAL |
| Nota geral |
Trabalhos apresentados no 2. Encontro Nacional da Agropecuaria. 1: Cacau, 2: Sisal, 3: Mandioca, 4: Associativismo<br/>Salvador, BA (Brasil): 1978. p. 1-31<br/>(BR7803396-AM)E15<br/> |
| 650 ## - ASSUNTO--TERMO TÓPICO |
| Cabeçalho tópico ou nome geográfico |
Microeconomia |
| 650 ## - ASSUNTO--TERMO TÓPICO |
| Cabeçalho tópico ou nome geográfico |
Desenvolvimento agricola |
| 650 ## - ASSUNTO--TERMO TÓPICO |
| Cabeçalho tópico ou nome geográfico |
Cacau |
| 650 ## - ASSUNTO--TERMO TÓPICO |
| Cabeçalho tópico ou nome geográfico |
Economia agricola |
| 773 0# - ENTRADA ANALÍTICA |
| Título |
Trabalhos apresentados no 2. Encontro Nacional da Agropecuaria. 1: Cacau, 2: Sisal, 3: Mandioca, 4: Associativismo |
| Número de controle do registro |
E15 BR7803396 |
| Partes relacionadas |
Salvador, BA (Brasil), 1978. p. 1-31 |
| 909 ## - |
| -- |
202404 |
| -- |
Lucia |
| -- |
55 |
| -- |
Lucia Elande |
| 942 ## - ELEMENTOS DE ENTRADA ADICIONADOS (KOHA) |
| Tipo de material Koha |
Capítulo-Livro |
| Fonte da classificação ou esquema de arquivamento na estante |
Classificação AGRIS |